[Event "Cantabria-ch"]
[Site "Cantabria"]
[Date "2009.04.04"]
[Round "4"]
[White "Carrancho Santamaria, Teodoro"]
[Black "Montes Cagigas, Manuel"]
[Result "1/2-1/2"]
[WhiteElo "1741"]
[BlackElo "1719"]
[PlyCount "138"]
[EventDate "2009.03.14"]
[EventType "swiss"]
[EventRounds "7"]
[EventCountry "ESP"]
[SourceTitle "EXT 2024"]
[Source "ChessBase"]
[SourceDate "2023.10.10"]
[SourceVersion "1"]
[SourceVersionDate "2023.10.10"]
[SourceQuality "1"]

1. d4 Nf6 2. c4 g6 3. Nc3 Bg7 4. e4 d6 5. Be2 0-0 6. Bg5 Nbd7 7. Qd2 c5 8. d5 Re8 9. Nf3 Ng4 10. h3 Nge5 11. Nxe5 Bxe5 12. f4 Bf6 13. 0-0-0 Qa5 14. Bxf6 Nxf6 15. Kb1 Kg7 16. g4 a6 17. f5 Bd7 18. g5 Ng8 19. fxg6 fxg6 20. Bg4 Qc7 21. Bxd7 Qxd7 22. Qd3 e5 23. b3 Rf8 24. Na4 Rae8 25. Nc3 Rf2 26. Rdf1 Ref8 27. Rxf2 Rxf2 28. Rf1 Qf7 29. Rxf2 Qxf2 30. a3 Qg1+ 31. Kb2 Qxg5 32. b4 b6 33. Kb3 Qd8 34. b5 a5 35. Na4 Nf6 36. Qf3 Nd7 37. Qg4 Qe7 38. Kc3 Kf7 39. h4 h5 40. Qh3 Kg7 41. Qe6 Kf8 42. Qxg6 Qxh4 43. Qxd6+ Ke8 44. Qe6+ Qe7 45. Qxe7+ Kxe7 46. Kd3 h4 47. Ke3 Kd6 48. Kf3 Kc7 49. Nc3 Nf8 50. Kg4 Ng6 51. Nd1 Kd6 52. Ne3 h3 53. Kxh3 Nf4+ 54. Kg4 Ne2 55. Kf5 a4 56. Kf6 Nc3 57. Nf5+ Kd7 58. Kxe5 Nb1 59. Ne3 Nxa3 60. d6 Nb1 61. Nc2 a3 62. Nxa3 Nxa3 63. Kd5 Nc2 64. e5 Ne3+ 65. Ke4 Nxc4 66. Kd5 Ne3+ 67. Ke4 Nc4 68. Kd5 Nxd6 69. exd6 c4 1/2-1/2